[Event "Plovdiv Tringov Memorial 35th"]
[Site "Plovdiv"]
[Date "2013.02.08"]
[Round "7"]
[White "Stoyanov, Stoyan H"]
[Black "Videnova, Iva"]
[Result "0-1"]
[WhiteElo "2148"]
[BlackElo "2354"]
[PlyCount "68"]
[EventDate "2013.02.03"]
[EventType "swiss"]
[EventRounds "9"]
[EventCountry "BUL"]
[SourceTitle "CBM 152 Extra"]
[Source "ChessBase"]
[SourceDate "2013.02.25"]
[SourceVersion "1"]
[SourceVersionDate "2013.02.25"]
[SourceQuality "1"]

1. d4 Nf6 2. c4 g6 3. Nc3 d5 4. Nf3 Bg7 5. Bf4 0-0 6. e3 c5 7. dxc5 Qa5 8. Be2 Ne4 9. 0-0 Nxc3 10. bxc3 dxc4 11. Bxc4 Qxc5 12. Qb3 Nc6 13. Qb5 Qxb5 14. Bxb5 Na5 15. Rac1 Be6 16. Rfd1 a6 17. Be2 Bxa2 18. Rd7 Rfc8 19. Rxe7 Rxc3 20. Rxc3 Bxc3 21. Ne5 Be6 22. Bf3 Rc8 23. h4 Bb4 24. Rxe6 fxe6 25. Bg4 Re8 26. h5 Nc6 27. hxg6 hxg6 28. Nxg6 a5 29. Bd1 Kg7 30. Nh4 Bc3 31. Ba4 Rd8 32. g4 Rd2 33. Nf3 Rb2 34. Bd6 b5 0-1

[Event "Plovdiv Tringov Memorial 35th"]
[Site "Plovdiv"]
[Date "2013.02.06"]
[Round "5"]
[White "Stoyanov, Stoyan H"]
[Black "Lilov, Valeri"]
[Result "0-1"]
[WhiteElo "2148"]
[BlackElo "2433"]
[PlyCount "56"]
[EventDate "2013.02.03"]
[EventType "swiss"]
[EventRounds "9"]
[EventCountry "BUL"]
[SourceTitle "CBM 152 Extra"]
[Source "ChessBase"]
[SourceDate "2013.02.25"]
[SourceVersion "1"]
[SourceVersionDate "2013.02.25"]
[SourceQuality "1"]

1. d4 Nf6 2. c4 e6 3. Nf3 b6 4. Bg5 Bb7 5. e3 Be7 6. Bd3 Ne4 7. Bxe7 Qxe7 8. 0-0 0-0 9. Qc2 f5 10. Nfd2 Nxd2 11. Qxd2 d6 12. Nc3 Nd7 13. f4 c5 14. Rab1 Rab8 15. d5 exd5 16. cxd5 g6 17. e4 fxe4 18. Bxe4 Nf6 19. Bf3 Qf7 20. Rfe1 Qd7 21. Re6 Bc8 22. Rbe1 Re8 23. f5 gxf5 24. Qg5+ Qg7 25. Qxf5 Bxe6 26. dxe6 Re7 27. Bd5 Rf8 28. Bb3 Kh8 0-1

[Event "Plovdiv Tringov Memorial 35th"]
[Site "Plovdiv"]
[Date "2013.02.05"]
[Round "3"]
[White "Stoyanov, Stoyan H"]
[Black "Rombaldoni, Axel"]
[Result "1-0"]
[WhiteElo "2148"]
[BlackElo "2472"]
[PlyCount "93"]
[EventDate "2013.02.03"]
[EventType "swiss"]
[EventRounds "9"]
[EventCountry "BUL"]
[SourceTitle "CBM 152 Extra"]
[Source "ChessBase"]
[SourceDate "2013.02.25"]
[SourceVersion "1"]
[SourceVersionDate "2013.02.25"]
[SourceQuality "1"]

1. d4 e6 2. c4 Nf6 3. Nf3 b6 4. Nc3 Bb7 5. Bg5 Be7 6. e3 d6 7. h3 Nbd7 8. Be2 Ne4 9. Nxe4 Bxe4 10. Bxe7 Qxe7 11. 0-0 e5 12. Rc1 0-0 13. Nd2 Bb7 14. b4 c5 15. bxc5 dxc5 16. d5 e4 17. a4 f5 18. a5 g5 19. Qb3 Qf6 20. f4 exf3 21. Bxf3 Rae8 22. axb6 axb6 23. Ra1 Qe5 24. Ra3 Re7 25. Qd3 Qd6 26. Qb1 Bc8 27. Rb3 Rg7 28. Be2 Qe5 29. Nf3 Qf6 30. Nh2 Qe5 31. Nf3 Qe7 32. Nd2 Rgf7 33. e4 Rf6 34. Rg3 h6 35. Rb3 Qe5 36. Qb2 Qe7 37. Bd3 fxe4 38. Rxf6 Nxf6 39. Be2 Nd7 40. Re3 Qf7 41. Nxe4 Qf4 42. Qc3 Ne5 43. Nxg5 Nxc4 44. Bxc4 hxg5 45. d6+ Kh7 46. Re7+ Kg6 47. Qg7+ 1-0

[Event "Plovdiv Bulgarian op 33rd"]
[Site "Plovdiv"]
[Date "2011.01.31"]
[Round "2"]
[White "Spasov, Vasil"]
[Black "Stoyanov, Stoyan H"]
[Result "1-0"]
[WhiteElo "2590"]
[BlackElo "2151"]
[PlyCount "177"]
[EventDate "2011.01.30"]
[EventType "swiss"]
[EventRounds "9"]
[EventCountry "BUL"]
[SourceTitle "CBM 140 Extra"]
[Source "ChessBase"]
[SourceDate "2011.03.01"]
[SourceVersion "1"]
[SourceVersionDate "2011.03.01"]
[SourceQuality "1"]

1. e4 e6 2. d4 d5 3. Nd2 dxe4 4. Nxe4 Bd7 5. Nf3 Bc6 6. Bd3 Bxe4 7. Bxe4 c6 8. 0-0 Nf6 9. Bd3 Bd6 10. Qe2 Nbd7 11. c4 0-0 12. Bd2 Re8 13. Bc3 Qc7 14. Rfe1 Rad8 15. Rad1 Nf8 16. g3 Ng6 17. Bc2 Qe7 18. a3 Qc7 19. Ne5 Nd7 20. Nf3 Nf6 21. Kg2 Nh5 22. Bd2 Be7 23. Ne5 Nf6 24. Bc3 Nxe5 25. dxe5 Nd7 26. h4 Nf8 27. h5 Rxd1 28. Rxd1 Rd8 29. Rxd8 Qxd8 30. Qd3 Qxd3 31. Bxd3 g6 32. Be2 Nd7 33. b4 a5 34. f4 axb4 35. axb4 c5 36. b5 f5 37. exf6 Bxf6 38. Bd2 Kf7 39. g4 Bd4 40. h6 Ke7 41. Kf3 Nf6 42. Bd3 Nd7 43. Ba5 b6 44. Be1 Kf7 45. Be4 Bf6 46. Bc6 Nb8 47. Be4 Nd7 48. Bg3 Bc3 49. Bh4 Nf6 50. f5 gxf5 51. gxf5 Bd2 52. Bg3 Bxh6 53. Bc7 Bf8 54. Bxb6 Bd6 55. Ba5 h5 56. Be1 Nd7 57. fxe6+ Kxe6 58. Bd5+ Kf5 59. Be4+ Ke6 60. Ke3 Be5 61. Bd5+ Kf5 62. Be4+ Ke6 63. Bf3 Nf6 64. Kd3 Kd6 65. Bh4 Kc7 66. Kc2 Kb6 67. Kb3 Kc7 68. Ka4 Bc3 69. Bg3+ Kb6 70. Bf2 Be5 71. Be1 Bd4 72. Bc6 Be5 73. Ba5+ Ka7 74. Bd8 Ng4 75. b6+ Kb8 76. Kb5 Bd6 77. Be8 h4 78. Bxh4 Ne5 79. Bc6 Kc8 80. Bd5 Kb8 81. Bg2 Nd3 82. Be4 Ne5 83. Bf2 Be7 84. Bxc5 Bxc5 85. Kxc5 Nd7+ 86. Kb5 Nf6 87. Bf3 Nd7 88. c5 Ne5 89. Bd5 1-0

[Event "BUL-ch Seniors"]
[Site "Sofia"]
[Date "2009.05.15"]
[Round "8"]
[White "Stoyanov, Stoyan H"]
[Black "Mitrev, Kiril"]
[Result "0-1"]
[WhiteElo "2117"]
[BlackElo "2081"]
[PlyCount "70"]
[EventDate "2009.05.10"]
[EventType "swiss"]
[EventRounds "9"]
[EventCountry "BUL"]
[SourceTitle "CBM 130 Extra"]
[Source "ChessBase"]
[SourceDate "2009.07.02"]
[SourceVersion "2"]
[SourceVersionDate "2009.07.15"]
[SourceQuality "1"]

1. b3 Nf6 2. f4 g6 3. Bb2 Bg7 4. Nc3 0-0 5. d3 d5 6. e3 Nc6 7. Nf3 Ng4 8. Qd2 d4 9. exd4 Nxd4 10. Be2 Ne3 11. Bd1 Nxd1 12. Qxd1 Bg4 13. h3 Bxf3 14. gxf3 Qd6 15. Kf2 Qxf4 16. h4 Nf5 17. Rh3 Bd4+ 18. Ke1 Qe3+ 19. Qe2 Qg1+ 20. Qf1 Qxf1+ 21. Kxf1 Ne3+ 22. Ke2 Nxc2 23. Rah1 h5 24. f4 e6 25. a3 Bxc3 26. Bxc3 Nxa3 27. Bb4 Nb5 28. Bxf8 Kxf8 29. Ke3 Ke7 30. Rc1 Rd8 31. Rc4 c6 32. Kd2 Kf6 33. Re3 Rd5 34. Rg3 Nd6 35. Ra4 b5 0-1

[Event "BUL-ch Seniors"]
[Site "Sofia"]
[Date "2009.05.14"]
[Round "6"]
[White "Stoyanov, Stoyan H"]
[Black "Nikolov, Savko"]
[Result "0-1"]
[WhiteElo "2117"]
[BlackElo "1981"]
[PlyCount "90"]
[EventDate "2009.05.10"]
[EventType "swiss"]
[EventRounds "9"]
[EventCountry "BUL"]
[SourceTitle "CBM 130 Extra"]
[Source "ChessBase"]
[SourceDate "2009.07.02"]
[SourceVersion "2"]
[SourceVersionDate "2009.07.15"]
[SourceQuality "1"]

1. f4 d5 2. e3 g6 3. Nf3 Bg7 4. Nc3 Nh6 5. Be2 0-0 6. 0-0 c5 7. d4 cxd4 8. exd4 f6 9. b3 Nf7 10. a4 Nc6 11. h3 Bf5 12. Ba3 Re8 13. Bd3 Bxd3 14. Qxd3 Rc8 15. Rad1 e6 16. Ne2 Qa5 17. c3 a6 18. Bc5 Qc7 19. Ba3 Bf8 20. Bxf8 Kxf8 21. h4 Nd6 22. Nd2 f5 23. c4 Qe7 24. g3 Ne4 25. c5 Nb4 26. Qb1 b6 27. Nxe4 fxe4 28. Rc1 Nd3 29. b4 a5 30. bxa5 bxc5 31. dxc5 Rxc5 32. Rcd1 Rxa5 33. Kg2 Rxa4 34. Rxd3 exd3 35. Qxd3 Qb4 36. Kg1 Qe4 37. Qd2 d4 38. Qb2 Rea8 39. f5 gxf5 40. Rd1 e5 41. Qb5 Ra1 42. Qb4+ Kf7 43. Qb3+ Kg7 44. Rxa1 Rxa1+ 45. Kf2 Qb1 0-1

[Event "BUL-ch Seniors"]
[Site "Sofia"]
[Date "2009.05.13"]
[Round "5"]
[White "Anev, Asen"]
[Black "Stoyanov, Stoyan H"]
[Result "1/2-1/2"]
[WhiteElo "2100"]
[BlackElo "2117"]
[PlyCount "75"]
[EventDate "2009.05.10"]
[EventType "swiss"]
[EventRounds "9"]
[EventCountry "BUL"]
[SourceTitle "CBM 130 Extra"]
[Source "ChessBase"]
[SourceDate "2009.07.02"]
[SourceVersion "2"]
[SourceVersionDate "2009.07.15"]
[SourceQuality "1"]

1. d4 Nf6 2. c4 g6 3. Nc3 d5 4. Nf3 Bg7 5. Bg5 Ne4 6. cxd5 Nxc3 7. bxc3 Qxd5 8. e3 Bg4 9. Bh4 c5 10. Be2 cxd4 11. cxd4 Nc6 12. 0-0 0-0 13. Qa4 a6 14. Rac1 b5 15. Qa3 Qd7 16. d5 Bxf3 17. dxc6 Bxc6 18. Bxe7 Rfe8 19. Bd6 Qb7 20. Rxc6 Qxc6 21. Bf3 Qc3 22. Bxa8 Qxa3 23. Bxa3 Rxa8 24. Rc1 Be5 25. f4 Bg7 26. Kf2 a5 27. Bd6 Rd8 28. Rc6 b4 29. e4 Ra8 30. Ke3 Bf8 31. e5 a4 32. Bxf8 Kxf8 33. Kd3 b3 34. axb3 axb3 35. Rb6 Ra2 36. Rxb3 Rxg2 37. Rb8+ Kg7 38. Rb7 1/2-1/2

[Event "Plovdiv Tringov Memorial"]
[Site "Plovdiv"]
[Date "2009.02.06"]
[Round "8"]
[White "Klasan, Vladimir"]
[Black "Stoyanov, Stoyan H"]
[Result "1/2-1/2"]
[WhiteElo "2290"]
[BlackElo "2137"]
[PlyCount "55"]
[EventDate "2009.02.01"]
[EventType "swiss"]
[EventRounds "9"]
[EventCountry "BUL"]
[SourceTitle "CBM 128 Extra"]
[Source "ChessBase"]
[SourceDate "2009.03.05"]
[SourceVersion "2"]
[SourceVersionDate "2009.03.25"]
[SourceQuality "1"]

1. e4 e6 2. d4 d5 3. Nc3 dxe4 4. Nxe4 Be7 5. Nf3 Nf6 6. Bd3 Nbd7 7. Qe2 0-0 8. Bg5 Re8 9. Bxf6 Bxf6 10. 0-0-0 Be7 11. h4 Nf8 12. g4 f6 13. g5 f5 14. Ned2 c5 15. dxc5 Qa5 16. Kb1 Qxc5 17. h5 a6 18. h6 g6 19. Rhg1 b5 20. Qe5 Qxe5 21. Nxe5 Nd7 22. Nxd7 Bxd7 23. Nf3 Bc6 24. Ne5 Bd5 25. f4 Rac8 26. Rge1 Red8 27. b3 Bb4 28. Re3 1/2-1/2

[Event "Plovdiv Tringov Memorial"]
[Site "Plovdiv"]
[Date "2009.02.04"]
[Round "5"]
[White "Stoyanov, Stoyan H"]
[Black "Arnaudov, Petar G"]
[Result "0-1"]
[WhiteElo "2137"]
[BlackElo "2347"]
[PlyCount "122"]
[EventDate "2009.02.01"]
[EventType "swiss"]
[EventRounds "9"]
[EventCountry "BUL"]
[SourceTitle "CBM 128 Extra"]
[Source "ChessBase"]
[SourceDate "2009.03.05"]
[SourceVersion "2"]
[SourceVersionDate "2009.03.25"]
[SourceQuality "1"]

1. d4 Nf6 2. c4 Nc6 3. Nc3 e5 4. d5 Ne7 5. e4 Ng6 6. Be3 Bb4 7. f3 Bxc3+ 8. bxc3 d6 9. c5 0-0 10. cxd6 cxd6 11. Qb3 Nd7 12. Qc4 f5 13. exf5 Rxf5 14. Bd3 Rf7 15. Ne2 Nf6 16. 0-0 Nh5 17. Rab1 Nhf4 18. Nxf4 Nxf4 19. Bxf4 Rxf4 20. Be4 Rf7 21. Rb2 g6 22. Qd3 Kg7 23. Qe3 b6 24. f4 Ba6 25. Rf3 exf4 26. Rxf4 Rxf4 27. Qxf4 Qe7 28. h3 Rf8 29. Qe3 Rf1+ 30. Kh2 Qe5+ 31. g3 Rd1 32. Qf3 Rf1 33. Qe3 Bc4 34. Qd4 Qxd4 35. cxd4 Rd1 36. a4 Rxd4 37. Bg2 Rd1 38. Rc2 Rd4 39. Rb2 h5 40. h4 Kf6 41. Rf2+ Ke7 42. Rb2 Bxd5 43. a5 bxa5 44. Bxd5 Rxd5 45. Rb7+ Kf6 46. Rxa7 Rb5 47. Rd7 d5 48. Kg2 a4 49. Ra7 Rb4 50. Kf3 Ke5 51. Ke2 Rb2+ 52. Kd3 Rb3+ 53. Kc2 Rxg3 54. Rxa4 Rg4 55. Ra6 Kf5 56. Rd6 d4 57. Kd3 Rxh4 58. Rd5+ Ke6 59. Rg5 Kf6 60. Ra5 Rf4 61. Rb5 h4 0-1